Adoption, éducation et correction des enfants pauvres, abandonnés, orphelins ou vicieux / (Record no. 48348)

MARC details
000 -LEADER
campo de control de longitud fija 00715nam a2200193 i 4500
001 - NÚMERO DE CONTROL
campo de control 48348
003 - IDENTIFICADOR DE NÚMERO DE CONTROL
campo de control ES-MaACL
005 - FECHA Y HORA DE LA ÚLTIMA TRANSACCIÓN
campo de control 20230906161734.0
007 - CAMPO FIJO DE DESCRIPCIÓN FÍSICA--INFORMACIÓN GENERAL
campo de control de longitud fija t|
008 - DATOS DE LONGITUD FIJA--INFORMACIÓN GENERAL
campo de control de longitud fija 950714s1875 fr |||| | fre d
100 1# - ENTRADA PRINCIPAL--NOMBRE DE PERSONA
Nombre de persona Daru, Charles.
9 (RLIN) 42764
245 10 - MENCIÓN DEL TÍTULO
Título Adoption, éducation et correction des enfants pauvres, abandonnés, orphelins ou vicieux /
Mención de responsabilidad, etc. par le baron Charles Daru et Victor Bournat.
260 ## - PUBLICACIÓN, DISTRIBUCIÓN, ETC.
Lugar de publicación, distribución, etc. Paris :
Nombre del editor, distribuidor, etc. Charles Douniol et Cie.,
Fecha de publicación, distribución, etc. 1875 (
Fabricante Imp. Victor Goupy)
300 ## - DESCRIPCIÓN FÍSICA
Extensión [6], 632 p. ;
Dimensiones 23 cm.
650 14 - PUNTO DE ACCESO ADICIONAL DE MATERIA--TÉRMINO DE MATERIA
Término de materia o nombre geográfico como elemento de entrada Niños-
Subdivisión general Asistencia institucional.
9 (RLIN) 167009
650 #4 - PUNTO DE ACCESO ADICIONAL DE MATERIA--TÉRMINO DE MATERIA
Término de materia o nombre geográfico como elemento de entrada Protección de menores-
Subdivisión geográfica Francia.
9 (RLIN) 165576
700 1# - ENTRADA AGREGADA--NOMBRE PERSONAL
Nombre de persona Bournat, Victor.
9 (RLIN) 31010
852 ## - LOCALIZACIÓN
Ubicación ES-MaACL
Número de control de estantería D-218
Nota libre . - Donativo Lastres
Holdings
Estatus retirado Estado de pérdida Estado de daño No para préstamo Colección Biblioteca de origen Biblioteca actual Ubicación en estantería Fecha de adquisición Fuente de adquisición Total de préstamos Signatura topográfica completa Código de barras Visto por última vez Precio de reemplazo Tipo de ítem Koha
        Libros del s. XIX Biblioteca del Ateneo de Madrid Biblioteca del Ateneo de Madrid Sala Valle Inclán 17/01/2008     D-218 901050882 23/02/2023 23/02/2023 Libro impreso antiguo